Les Louis célèbres (en images) - Statistiques

Statistiques générales
  • Ce quiz a été pris 113 fois
  • Le résultat moyen est 8 sur 24
Statistiques - réponses
Par images Réponse % Correct
Louis de Funès
100%
Louis Armstrong
96%
Louis XIV
84%
Louis XVI
82%
Louis Pasteur
76%
Saint Louis
75%
Louis Bertignac
68%
Louis Ier, le Pieux
47%
Louis dit Louison Bobet
33%
Louis Jouvet
31%
Louis Blériot
30%
Louis XIII
29%
Louis Braille
22%
Louis Lumière
19%
Louis Velle
14%
Louis Vervaeke
2%
Louis Cyr
1%
Louis Daguerre
1%
Louis Riel
1%
Louis Veuillot
1%
L'abbé Louis Coache
0%
Louis Dimier
0%
Louis Franchet d'Esperey
0%
Louis Hémon
0%
Aucun quiz correspondant
Distribution des résultats
% des personnes avec chaque résultat
Percentile par nombre de réponses
Votre historique - résultats
Vous n’avez pas pris ce quiz